书目信息 |
| 000 | 00519nam0 2200169 450 | |
| 001 | 0636022953 | |
| 005 | 20061218100142.67 | |
| 010 | @dCNY3.20 | |
| 100 | @a20061218d km y0chiy0120 ea | |
| 101 | 0 | @achi |
| 200 | 1 | @a涌动的大潮@Ayong dong de da chao@e中国市场经济大观@f赵增耀编著@Fzhao zeng yao bian zhu |
| 517 | 1 | @a中国市场经济大观@Azhong guo shi chang jing ji da guan |
| 606 | 0 | @a商业经济@x中国 |
| 690 | @aF723@v3 | |
| 701 | 0 | @a赵增耀@Azhao zeng yao@4编著 |
| 801 | 0 | @aCN@bNISOFT@c20061218 |
| 905 | @a10447@dF723@eZ348 | |
| 涌动的大潮:中国市场经济大观/赵增耀编著 |
| ISBN :CNY3.20 |
| ● |
| 相关链接 |
|
|
|
正题名:涌动的大潮
索取号:F723/Z348
 
预约/预借
| 序号 | 登录号 | 条形码 | 馆藏地/架位号 | 状态 | 备注 |
| 1 | 444597 | 204445975 | 管理学院资料室/ [索取号:F723/Z348] | 在馆 |